[Event "Baden-Baden Autumn op"]
[Site "Baden-Baden"]
[Date "2023.11.05"]
[Round "7"]
[White "Solomunovic, Igor"]
[Black "Goldinov, Daniel"]
[Result "1-0"]
[WhiteElo "2275"]
[BlackElo "1811"]
[PlyCount "109"]
[EventDate "2023.11.02"]
[EventType "swiss"]
[EventRounds "7"]
[EventCountry "GER"]
[SourceTitle "CB46_2023"]
[SourceDate "2023.11.15"]
[SourceVersion "1"]
[SourceVersionDate "2023.11.15"]
[SourceQuality "1"]
[WhiteTeam "Serbia"]
[BlackTeam "Germany"]
[WhiteTeamCountry "SRB"]
[BlackTeamCountry "GER"]

1. e4 c5 2. Nf3 e6 3. b3 d5 4. exd5 exd5 5. Bb5+ Nc6 6. 0-0 Nf6 7. d4 a6 8. Bxc6+ bxc6 9. Re1+ Be7 10. Ba3 0-0 11. Rxe7 Qxe7 12. Bxc5 Qc7 13. Bxf8 Kxf8 14. h3 Ne4 15. Nbd2 Nc3 16. Qe1 Bf5 17. Qe3 Ne4 18. Ne5 Re8 19. Nxe4 Bxe4 20. Qc3 c5 21. Qxc5+ Qxc5 22. Nd7+ Kg8 23. Nxc5 a5 24. Re1 f6 25. c3 Kf8 26. f3 Bf5 27. Rxe8+ Kxe8 28. Kf2 h5 29. g4 Bc8 30. Nd3 hxg4 31. hxg4 g5 32. Kg3 f5 33. gxf5 Bxf5 34. Nc5 Ke7 35. a4 Bc8 36. b4 axb4 37. cxb4 Kd6 38. b5 Kc7 39. a5 Bf5 40. Kf2 Bc8 41. Ke3 Bf5 42. Kd2 Bh3 43. Kc3 Bf5 44. Kb4 Bh3 45. a6 Kb6 46. Na4+ Ka7 47. Ka5 Bg2 48. b6+ Ka8 49. Nc5 Bh3 50. Kb5 Bf5 51. Kc6 g4 52. fxg4 Bg6 53. Kc7 Bf5 54. b7+ Ka7 55. b8Q# 1-0

[Event "Baden-Baden Autumn op"]
[Site "Baden-Baden"]
[Date "2023.11.03"]
[Round "2"]
[White "Solomunovic, Igor"]
[Black "Merkel, Luis"]
[Result "0-1"]
[WhiteElo "2275"]
[BlackElo "1904"]
[PlyCount "74"]
[EventDate "2023.11.02"]
[EventType "swiss"]
[EventRounds "7"]
[EventCountry "GER"]
[SourceTitle "CB46_2023"]
[SourceDate "2023.11.15"]
[SourceVersion "1"]
[SourceVersionDate "2023.11.15"]
[SourceQuality "1"]
[WhiteTeam "Serbia"]
[BlackTeam "Germany"]
[WhiteTeamCountry "SRB"]
[BlackTeamCountry "GER"]

1. e4 c5 2. Nf3 d6 3. Bc4 Nf6 4. d3 Nc6 5. Bb3 e6 6. c3 Be7 7. 0-0 0-0 8. Re1 b5 9. d4 Qb6 10. d5 Ne5 11. dxe6 Nxf3+ 12. Qxf3 fxe6 13. Qh3 c4 14. Bc2 e5 15. Qe3 Qb7 16. h3 Bd8 17. Qe2 Qf7 18. Na3 Nh5 19. Nxb5 Bb6 20. Be3 Nf4 21. Qf1 Qg6 22. Kh2 Qh6 23. Rad1 Rf6 24. Bxb6 Nxh3 25. gxh3 Rf3 26. Re3 Bxh3 27. Rxd6 Qf4+ 28. Kg1 Bxf1 29. Rxf3 Qxf3 30. Kxf1 axb6 31. a4 Rf8 32. Rd2 Qe3 33. Re2 Qc1+ 34. Kg2 Rf4 35. f3 Rh4 36. Nd6 Qh1+ 37. Kf2 Rh3 0-1

[Event "Baden-Baden Autumn op"]
[Site "Baden-Baden"]
[Date "2022.11.04"]
[Round "2"]
[White "Bergerhoff, Andreas"]
[Black "Solomunovic, Igor"]
[Result "0-1"]
[WhiteElo "1987"]
[BlackElo "2294"]
[PlyCount "94"]
[EventDate "2022.11.03"]
[EventType "swiss"]
[EventRounds "7"]
[EventCountry "GER"]
[SourceTitle "EXT 2024"]
[Source "ChessBase"]
[SourceDate "2023.10.10"]
[SourceVersion "1"]
[SourceVersionDate "2023.10.10"]
[SourceQuality "1"]

1. e4 c5 2. b4 cxb4 3. a3 Qa5 4. Nf3 d6 5. Bc4 Nf6 6. Qe2 Nc6 7. Bb2 e6 8. axb4 Qxb4 9. Bc3 Qb6 10. 0-0 Be7 11. e5 dxe5 12. Nxe5 0-0 13. Nxc6 Qxc6 14. Bd4 b6 15. Bb5 Qd5 16. Bb2 Bb7 17. f3 Rfd8 18. Bd3 Qg5 19. Nc3 a6 20. Ne4 Nxe4 21. fxe4 b5 22. Rf3 Bc5+ 23. Kh1 Bd4 24. Bxd4 Rxd4 25. Qf2 Rd7 26. Rf1 Rf8 27. Rg3 Qe5 28. Qe3 f6 29. Rh3 g6 30. Rhf3 Rd4 31. Rf4 b4 32. Qf2 a5 33. h3 a4 34. Qe2 Rdd8 35. Bc4 f5 36. d3 fxe4 37. Rxf8+ Rxf8 38. Rxf8+ Kxf8 39. Qd2 Qd6 40. Qf2+ Kg7 41. dxe4 Bxe4 42. Qa7+ Kf6 43. Qxa4 Qd1+ 44. Kh2 Qxc2 45. Qa1+ e5 46. Qf1+ Bf5 47. Kh1 Qb1 0-1

[Event "SRB-chT 1st League CS"]
[Site "Banja Vrujci"]
[Date "2022.10.05"]
[Round "6.5"]
[White "Solomunovic, Igor"]
[Black "Brankovic, Dejan"]
[Result "0-1"]
[WhiteElo "2312"]
[BlackElo "2277"]
[PlyCount "142"]
[EventDate "2022.10.01"]
[EventType "team-tourn"]
[EventRounds "11"]
[EventCountry "SRB"]
[SourceTitle "CBM 210 Extra"]
[Source "ChessBase"]
[SourceDate "2022.11.30"]
[SourceVersion "1"]
[SourceVersionDate "2022.11.30"]
[SourceQuality "1"]
[WhiteTeam "Gornji Milanovac Metalac"]
[BlackTeam "Paracin OSK"]
[WhiteTeamCountry "SRB"]
[BlackTeamCountry "SRB"]

1. d4 Nf6 2. Nf3 g6 3. c4 Bg7 4. Nc3 0-0 5. Bg5 d6 6. e3 c6 7. Be2 Nbd7 8. Qc2 a6 9. 0-0 b6 10. Rfd1 Bb7 11. a3 Rc8 12. Rab1 c5 13. d5 Qc7 14. e4 Rfe8 15. Bf4 Rcd8 16. h3 h6 17. Qd2 Kh7 18. Bd3 e5 19. Be3 Nh5 20. g3 Rb8 21. Kg2 Bc8 22. Nh2 Ndf6 23. Ne2 b5 24. b3 Ng8 25. g4 Nhf6 26. Ng3 Bd7 27. f4 exf4 28. Bxf4 bxc4 29. bxc4 Ba4 30. Rf1 Rxb1 31. Bxb1 Rb8 32. e5 dxe5 33. Be3 Rb3 34. Kg1 Qb8 35. Be4 Rxa3 36. Bg2 Qb3 37. Bxc5 Qxg3 38. Bxa3 Qxa3 39. Qa5 Qe3+ 40. Kh1 Bc2 41. Re1 Qf4 42. Qc3 Be4 43. Bxe4 Nxe4 44. Qf3 Nc5 45. Qxf4 exf4 46. Nf3 a5 47. Re8 Nf6 48. Ra8 a4 49. Ra7 Nfd7 50. Kg2 Bc3 51. Kf1 Kg7 52. Ke2 Kf6 53. Kd1 Ne5 54. Nxe5 Bxe5 55. Ra5 Bd4 56. Ke2 Ke5 57. Ra7 f5 58. Re7+ Kf6 59. Ra7 fxg4 60. hxg4 Bb2 61. Kf3 g5 62. d6 Ke6 63. d7 Ke7 64. Ra5 a3 65. Ra7 Kd8 66. Ra5 Kxd7 67. Ke2 Kc6 68. Ra8 Nd7 69. Ra5 Ne5 70. Ra6+ Kc5 71. Ra8 Kxc4 0-1

[Event "SRB-chT 1st League CS"]
[Site "Banja Vrujci"]
[Date "2022.10.04"]
[Round "5.2"]
[White "Spasic, Petar"]
[Black "Solomunovic, Igor"]
[Result "1-0"]
[WhiteElo "2319"]
[BlackElo "2312"]
[PlyCount "147"]
[EventDate "2022.10.01"]
[EventType "team-tourn"]
[EventRounds "11"]
[EventCountry "SRB"]
[SourceTitle "CBM 210 Extra"]
[Source "ChessBase"]
[SourceDate "2022.11.30"]
[SourceVersion "1"]
[SourceVersionDate "2022.11.30"]
[SourceQuality "1"]
[WhiteTeam "Kostolac Rudar"]
[BlackTeam "Gornji Milanovac Metalac"]
[WhiteTeamCountry "SRB"]
[BlackTeamCountry "SRB"]

1. c4 Nf6 2. Nf3 e6 3. g3 d5 4. Bg2 Be7 5. d4 0-0 6. 0-0 b6 7. Nc3 Bb7 8. cxd5 exd5 9. Bf4 c5 10. Rc1 Na6 11. Qc2 Re8 12. Rfd1 Bf8 13. Qb1 Qd7 14. Be5 Ne4 15. dxc5 Nxc3 16. Rxc3 f6 17. c6 Bxc6 18. Rxc6 Qxc6 19. Ng5 fxg5 20. Bxd5+ Qxd5 21. Rxd5 Nb4 22. Qd1 Nxd5 23. Qxd5+ Kh8 24. Bc3 h6 25. Qb7 Kg8 26. Kg2 a6 27. a4 Reb8 28. Qd5+ Kh7 29. Qf5+ Kg8 30. Qe6+ Kh7 31. Qe4+ Kg8 32. Bd4 b5 33. axb5 axb5 34. Be5 Rd8 35. Bc7 Rdc8 36. Qb7 b4 37. e4 Re8 38. Qc6 Kh7 39. e5 Rac8 40. Qd7 Ra8 41. f4 gxf4 42. gxf4 Re7 43. Qd3+ Kh8 44. Bd6 Ree8 45. Bc7 Ra7 46. Bb6 Rb7 47. Bd4 Rd7 48. Qc4 Red8 49. Be3 Rd3 50. Kf3 Rd1 51. f5 Re8 52. e6 Be7 53. Qc7 Bf6 54. Qf7 Rdd8 55. Bxh6 Rf8 56. Bxg7+ Bxg7 57. Qh5+ Kg8 58. e7 Rde8 59. exf8Q+ Rxf8 60. Qg4 Rf6 61. Qxb4 Rxf5+ 62. Kg4 Rf2 63. Qb8+ Rf8 64. Qb3+ Kh8 65. Qh3+ Kg8 66. b4 Be5 67. Qh6 Bg7 68. Qe6+ Kh7 69. b5 Rf6 70. Qe4+ Kh6 71. b6 Rg6+ 72. Kf3 Rf6+ 73. Ke2 Rf8 74. b7 1-0

[Event "SRB-chT 1st League CS"]
[Site "Banja Vrujci"]
[Date "2022.10.02"]
[Round "2.4"]
[White "Marinkovic, Ivan"]
[Black "Solomunovic, Igor"]
[Result "1/2-1/2"]
[WhiteElo "2428"]
[BlackElo "2312"]
[PlyCount "22"]
[EventDate "2022.10.01"]
[EventType "team-tourn"]
[EventRounds "11"]
[EventCountry "SRB"]
[SourceTitle "CBM 210 Extra"]
[Source "ChessBase"]
[SourceDate "2022.11.30"]
[SourceVersion "1"]
[SourceVersionDate "2022.11.30"]
[SourceQuality "1"]
[WhiteTeam "Kraljevo Sloga"]
[BlackTeam "Gornji Milanovac Metalac"]
[WhiteTeamCountry "SRB"]
[BlackTeamCountry "SRB"]

1. Nf3 Nf6 2. g3 d5 3. c4 e6 4. Bg2 Be7 5. 0-0 0-0 6. b3 c5 7. e3 Nc6 8. Bb2 b6 9. Qe2 Bb7 10. d3 Rc8 11. Rd1 Qc7 1/2-1/2

[Event "Novi Sad TS Mix 220th"]
[Site "Novi Sad"]
[Date "2021.11.09"]
[Round "10"]
[White "Solomunovic, Igor"]
[Black "Rasmussen, Jonas H"]
[Result "1/2-1/2"]
[WhiteElo "2368"]
[BlackElo "1975"]
[PlyCount "39"]
[EventDate "2021.11.02"]
[EventType "swiss"]
[EventRounds "10"]
[EventCountry "SRB"]
[SourceTitle "CBM 205 Extra"]
[Source "ChessBase"]
[SourceDate "2022.01.31"]
[SourceVersion "1"]
[SourceVersionDate "2022.01.31"]
[SourceQuality "1"]

1. e4 e5 2. Nf3 Nc6 3. Bb5 a6 4. Ba4 b5 5. Bb3 Nf6 6. 0-0 Bc5 7. c3 d6 8. d4 Ba7 9. h3 0-0 10. Re1 h6 11. Be3 Re8 12. Nbd2 Rb8 13. a4 b4 14. a5 bxc3 15. bxc3 exd4 16. cxd4 Ne7 17. Qc2 c6 18. Bf4 Rb7 19. Bc4 Rd7 20. Bd3 1/2-1/2

[Event "Novi Sad TS Mix 220th"]
[Site "Novi Sad"]
[Date "2021.11.05"]
[Round "6"]
[White "Solomunovic, Igor"]
[Black "Audi, Ameya"]
[Result "0-1"]
[WhiteElo "2368"]
[BlackElo "2378"]
[PlyCount "99"]
[EventDate "2021.11.02"]
[EventType "swiss"]
[EventRounds "10"]
[EventCountry "SRB"]
[SourceTitle "CBM 205 Extra"]
[Source "ChessBase"]
[SourceDate "2022.01.31"]
[SourceVersion "1"]
[SourceVersionDate "2022.01.31"]
[SourceQuality "1"]

1. d4 Nf6 2. Nf3 g6 3. c3 Bg7 4. Bg5 0-0 5. Nbd2 d6 6. e3 Nbd7 7. Be2 h6 8. Bh4 g5 9. Bg3 Nh5 10. Qc2 e6 11. h3 f5 12. 0-0-0 Nxg3 13. fxg3 Nf6 14. e4 Nh5 15. Nf1 Nf6 16. exf5 exf5 17. Bd3 Nd5 18. Qb3 Be6 19. Bc4 c6 20. Ne3 Qa5 21. Rde1 Rae8 22. Re2 Bf7 23. Rhe1 Nxe3 24. Bxf7+ Rxf7 25. Rxe3 Rxe3 26. Rxe3 Qd8 27. d5 Kf8 28. Qc4 c5 29. g4 f4 30. Re6 Re7 31. Qe4 Rxe6 32. dxe6 Qe7 33. a4 Bf6 34. Kc2 Kg7 35. Nd2 Be5 36. Qd5 b6 37. Kd3 Kf6 38. Ne4+ Kg6 39. a5 bxa5 40. Nxc5 Bxc3 41. Qf5+ Kg7 42. Kxc3 dxc5 43. Kc4 Qc7 44. Kd5 c4 45. Kd4 c3 46. bxc3 a4 47. Qd5 Kf6 48. Qf5+ Kg7 49. Qd5 Kf6 50. Qe4 0-1

[Event "Novi Sad TS Mix 218th"]
[Site "Novi Sad"]
[Date "2021.10.30"]
[Round "9"]
[White "Solomunovic, Igor"]
[Black "Ishvi, Aggarwal"]
[Result "1/2-1/2"]
[WhiteElo "2361"]
[BlackElo "1840"]
[PlyCount "44"]
[EventDate "2021.10.25"]
[EventType "swiss"]
[EventRounds "10"]
[EventCountry "SRB"]
[SourceTitle "CBM 205 Extra"]
[Source "ChessBase"]
[SourceDate "2022.01.31"]
[SourceVersion "1"]
[SourceVersionDate "2022.01.31"]
[SourceQuality "1"]

1. d4 d5 2. c4 e6 3. Nc3 Nf6 4. Bg5 Be7 5. e3 0-0 6. Nf3 Nbd7 7. Rc1 b6 8. cxd5 exd5 9. Bd3 Bb7 10. 0-0 c5 11. Bf5 Re8 12. Ne5 Nxe5 13. dxe5 Ne4 14. Bf4 Nxc3 15. Rxc3 g6 16. Bg4 f5 17. Bf3 Qd7 18. g4 Rad8 19. gxf5 Qxf5 20. Bg4 Qf7 21. Bg3 d4 22. exd4 Rxd4 1/2-1/2

[Event "Novi Sad TS Mix 218th"]
[Site "Novi Sad"]
[Date "2021.10.29"]
[Round "7"]
[White "Solomunovic, Igor"]
[Black "Joel Paul, Ganta"]
[Result "1-0"]
[WhiteElo "2361"]
[BlackElo "1922"]
[PlyCount "67"]
[EventDate "2021.10.25"]
[EventType "swiss"]
[EventRounds "10"]
[EventCountry "SRB"]
[SourceTitle "CBM 205 Extra"]
[Source "ChessBase"]
[SourceDate "2022.01.31"]
[SourceVersion "1"]
[SourceVersionDate "2022.01.31"]
[SourceQuality "1"]

1. d4 Nf6 2. Nf3 g6 3. c4 Bg7 4. Nc3 0-0 5. Bg5 c5 6. d5 d6 7. e3 b5 8. cxb5 a6 9. a4 Qa5 10. Nd2 Bb7 11. Be2 h6 12. Bxf6 Bxf6 13. 0-0 Bxc3 14. bxc3 Qxc3 15. Rc1 Qg7 16. e4 axb5 17. axb5 Nd7 18. Nc4 Ra2 19. Ra1 Rfa8 20. Rxa2 Rxa2 21. Bg4 Qc3 22. Nxd6 Ne5 23. Nxb7 Rd2 24. Qa1 Qxa1 25. Rxa1 Nxg4 26. h3 Ne5 27. Nxc5 Rb2 28. Ra8+ Kg7 29. Rb8 Rc2 30. f4 Nc4 31. Rc8 Ne3 32. b6 Rxg2+ 33. Kh1 Rb2 34. b7 1-0

[Event "Novi Sad TS Mix 218th"]
[Site "Novi Sad"]
[Date "2021.10.27"]
[Round "4"]
[White "Rosh, Jain"]
[Black "Solomunovic, Igor"]
[Result "1-0"]
[WhiteElo "1844"]
[BlackElo "2361"]
[PlyCount "103"]
[EventDate "2021.10.25"]
[EventType "swiss"]
[EventRounds "10"]
[EventCountry "SRB"]
[SourceTitle "CBM 205 Extra"]
[Source "ChessBase"]
[SourceDate "2022.01.31"]
[SourceVersion "1"]
[SourceVersionDate "2022.01.31"]
[SourceQuality "1"]

1. e4 c5 2. Nf3 e6 3. d4 cxd4 4. Nxd4 Qb6 5. Nb3 Nc6 6. Nc3 Nf6 7. Be3 Qc7 8. Qf3 Bb4 9. 0-0-0 Bxc3 10. bxc3 Qe5 11. Bd3 0-0 12. Bd4 Nxd4 13. cxd4 Qg5+ 14. Kb1 d6 15. h4 Qg4 16. Qe3 e5 17. dxe5 dxe5 18. f3 Qe6 19. g4 a5 20. h5 a4 21. Na1 Qc6 22. g5 Nd7 23. Rdg1 Nc5 24. Kc1 Rd8 25. Kd2 Be6 26. Ke2 Bxa2 27. g6 fxg6 28. hxg6 hxg6 29. Rg5 Bf7 30. Rxe5 Rac8 31. f4 Re8 32. Qh3 Be6 33. Qh7+ Kf8 34. Qxg6 Nxd3 35. cxd3 Bg8 36. Rf5+ Ke7 37. Qxg7+ Kd8 38. Rh6 Be6 39. Qd4+ Qd7 40. Qb6+ Rc7 41. Rff6 Bg4+ 42. Ke3 Kc8 43. Rd6 Qf5 44. Qd4 Qa5 45. Rh1 Rh7 46. Qc4+ Kb8 47. Rxh7 Qe1+ 48. Kd4 Qxa1+ 49. Kd5 Rc8 50. Rxb7+ Kxb7 51. Qb5+ Kc7 52. Qb6# 1-0

[Event "Novi Sad TS Mix 218th"]
[Site "Novi Sad"]
[Date "2021.10.26"]
[Round "2"]
[White "Solomunovic, Igor"]
[Black "Rakshitta, Ravi"]
[Result "1/2-1/2"]
[WhiteElo "2361"]
[BlackElo "2173"]
[PlyCount "39"]
[EventDate "2021.10.25"]
[EventType "swiss"]
[EventRounds "10"]
[EventCountry "SRB"]
[SourceTitle "CBM 205 Extra"]
[Source "ChessBase"]
[SourceDate "2022.01.31"]
[SourceVersion "1"]
[SourceVersionDate "2022.01.31"]
[SourceQuality "1"]

1. e4 e5 2. Nf3 Nc6 3. Bb5 a6 4. Ba4 Nf6 5. d3 b5 6. Bb3 Be7 7. a4 Bb7 8. 0-0 0-0 9. Nc3 Na5 10. Ba2 b4 11. Ne2 d5 12. exd5 Bxd5 13. Bxd5 Qxd5 14. Ng3 Rfe8 15. Re1 Bf8 16. b3 c5 17. Bb2 Nc6 18. Nd2 g6 19. Nc4 Nd7 20. Qg4 1/2-1/2

[Event "SRB-chT 1st League CS"]
[Site "Bajina Basta"]
[Date "2021.10.03"]
[Round "11.3"]
[White "Stankovic, Milos M"]
[Black "Solomunovic, Igor"]
[Result "0-1"]
[WhiteElo "2201"]
[BlackElo "2361"]
[PlyCount "74"]
[EventDate "2021.09.26"]
[EventType "team-tourn"]
[EventRounds "11"]
[EventCountry "SRB"]
[SourceTitle "EXT 2023"]
[Source "ChessBase"]
[SourceDate "2022.10.05"]
[SourceVersion "1"]
[SourceVersionDate "2022.10.05"]
[SourceQuality "1"]
[WhiteTeam "Paracin OSK"]
[BlackTeam "Gornji Milanovac Metalac"]
[WhiteTeamCountry "SRB"]
[BlackTeamCountry "SRB"]

1. d4 Nf6 2. c4 g6 3. Nc3 d5 4. Qb3 dxc4 5. Qxc4 Bg7 6. Nf3 0-0 7. e4 Na6 8. h3 c5 9. dxc5 Be6 10. Qb5 Rc8 11. Be3 Bd7 12. Qxb7 Nxc5 13. Bxc5 Rxc5 14. e5 Bc6 15. Qxa7 Nd7 16. Rd1 Ra5 17. Qe3 Qb8 18. Be2 Qxb2 19. Rb1 Qa3 20. 0-0 Nxe5 21. Nd4 Ba8 22. Ndb5 Rxb5 23. Rxb5 Nc6 24. Rb3 Qa5 25. Rd1 Nb4 26. Nb5 Nd5 27. Qd2 Qb6 28. a4 Qf6 29. Bf3 e6 30. a5 h5 31. a6 Qe7 32. Rc1 Kh7 33. Bxd5 Bxd5 34. Qb4 Qg5 35. Rg3 Qxc1+ 36. Kh2 Qc4 37. Qa5 Be5 0-1

[Event "SRB-chT 1st League CS"]
[Site "Bajina Basta"]
[Date "2021.10.02"]
[Round "10.3"]
[White "Solomunovic, Igor"]
[Black "Rabrenovic, Vladan"]
[Result "1/2-1/2"]
[WhiteElo "2361"]
[BlackElo "2317"]
[PlyCount "47"]
[EventDate "2021.09.26"]
[EventType "team-tourn"]
[EventRounds "11"]
[EventCountry "SRB"]
[SourceTitle "EXT 2023"]
[Source "ChessBase"]
[SourceDate "2022.10.05"]
[SourceVersion "1"]
[SourceVersionDate "2022.10.05"]
[SourceQuality "1"]
[WhiteTeam "Gornji Milanovac Metalac"]
[BlackTeam "Cacak Borac"]
[WhiteTeamCountry "SRB"]
[BlackTeamCountry "SRB"]

1. d4 d5 2. c4 e6 3. Nf3 Nf6 4. g3 Bb4+ 5. Bd2 Be7 6. Bg2 0-0 7. 0-0 Nbd7 8. Qc2 c6 9. Bf4 b6 10. Nbd2 Nh5 11. Be3 Bb7 12. Ne1 Rc8 13. b3 c5 14. Nd3 Nhf6 15. h3 Ba8 16. dxc5 dxc4 17. Nxc4 Bxg2 18. Kxg2 Nxc5 19. Nxc5 Bxc5 20. Rad1 Qe7 21. Bxc5 Rxc5 22. Qb2 Qb7+ 23. Kh2 Rh5 24. Ne3 1/2-1/2

[Event "SRB-chT 1st League CS"]
[Site "Bajina Basta"]
[Date "2021.09.30"]
[Round "7.3"]
[White "Zivkovic, Marko"]
[Black "Solomunovic, Igor"]
[Result "0-1"]
[WhiteElo "2150"]
[BlackElo "2361"]
[PlyCount "54"]
[EventDate "2021.09.26"]
[EventType "team-tourn"]
[EventRounds "11"]
[EventCountry "SRB"]
[SourceTitle "EXT 2023"]
[Source "ChessBase"]
[SourceDate "2022.10.05"]
[SourceVersion "1"]
[SourceVersionDate "2022.10.05"]
[SourceQuality "1"]
[WhiteTeam "Nis Nais"]
[BlackTeam "Gornji Milanovac Metalac"]
[WhiteTeamCountry "SRB"]
[BlackTeamCountry "SRB"]

1. d4 Nf6 2. Bg5 Ne4 3. h4 c5 4. dxc5 Na6 5. e3 Naxc5 6. Bf4 Qb6 7. Qc1 Na4 8. f3 e5 9. Bxe5 Qa5+ 10. Bc3 Naxc3 11. Nxc3 Nxc3 12. bxc3 Ba3 13. Qd1 Qxc3+ 14. Kf2 Bc5 15. Bd3 Qe5 16. Qe1 0-0 17. Nh3 Re8 18. Ng5 Bxe3+ 19. Kf1 h6 20. Bh7+ Kf8 21. Ne4 Qb5+ 22. Qe2 Qb6 23. Qd3 d5 24. Qa3+ Re7 25. Re1 Bd4 26. Qd3 dxe4 27. Rxe4 Rxe4 0-1

[Event "SRB-chT 1st League CS"]
[Site "Bajina Basta"]
[Date "2021.09.29"]
[Round "5.3"]
[White "Jovanovic, Dusan D"]
[Black "Solomunovic, Igor"]
[Result "0-1"]
[WhiteElo "2404"]
[BlackElo "2361"]
[PlyCount "83"]
[EventDate "2021.09.26"]
[EventType "team-tourn"]
[EventRounds "11"]
[EventCountry "SRB"]
[SourceTitle "EXT 2023"]
[Source "ChessBase"]
[SourceDate "2022.10.05"]
[SourceVersion "1"]
[SourceVersionDate "2022.10.05"]
[SourceQuality "1"]
[WhiteTeam "Kostolac Rudar"]
[BlackTeam "Gornji Milanovac Metalac"]
[WhiteTeamCountry "SRB"]
[BlackTeamCountry "SRB"]

1. Nf3 Nf6 2. c4 e6 3. g3 b6 4. Bg2 Bb7 5. 0-0 Be7 6. Nc3 0-0 7. Re1 d5 8. cxd5 exd5 9. d4 Na6 10. Bf4 c5 11. dxc5 bxc5 12. Ne5 Nc7 13. Qa4 Rc8 14. Rad1 Bd6 15. Nd3 Ne6 16. Qxa7 Ba8 17. Bxd6 Qxd6 18. Qa3 d4 19. Na4 Bxg2 20. Kxg2 Qc6+ 21. Kg1 Ra8 22. b3 Ne4 23. Qc1 Rxa4 24. bxa4 Nc3 25. Rd2 c4 26. Ne5 Qxa4 27. e3 Ne4 28. Rxd4 Nxd4 29. exd4 Nd6 30. Qf4 c3 31. Rc1 Rc8 32. Nd3 Nb5 33. Qf5 Rf8 34. Qe5 Qc4 35. Nf4 Nxd4 36. Kg2 Qc6+ 37. Qd5 Qxd5+ 38. Nxd5 c2 39. Ne3 Rb8 40. Re1 Rc8 41. Rc1 Ra8 42. a4 0-1

[Event "SRB-chT 1st League CS"]
[Site "Bajina Basta"]
[Date "2021.09.26"]
[Round "1.3"]
[White "Solomunovic, Igor"]
[Black "Perunovic, Miodrag"]
[Result "1/2-1/2"]
[WhiteElo "2361"]
[BlackElo "2424"]
[PlyCount "103"]
[EventDate "2021.09.26"]
[EventType "team-tourn"]
[EventRounds "11"]
[EventCountry "SRB"]
[SourceTitle "EXT 2023"]
[Source "ChessBase"]
[SourceDate "2022.10.05"]
[SourceVersion "1"]
[SourceVersionDate "2022.10.05"]
[SourceQuality "1"]
[WhiteTeam "Gornji Milanovac Metalac"]
[BlackTeam "Pozega"]
[WhiteTeamCountry "SRB"]
[BlackTeamCountry "SRB"]

1. d4 Nf6 2. Nf3 g6 3. Bf4 Bg7 4. e3 d6 5. h3 0-0 6. Be2 Nfd7 7. 0-0 e5 8. Bg3 Nc6 9. c3 f5 10. Na3 e4 11. Nd2 Nf6 12. Nac4 g5 13. f3 exf3 14. Bxf3 Qe7 15. Qc2 Kh8 16. Rae1 g4 17. hxg4 fxg4 18. Bxc6 bxc6 19. Bh4 Qe8 20. e4 Qg6 21. Ne3 Bd7 22. e5 dxe5 23. dxe5 Nh5 24. Qxg6 hxg6 25. Rxf8+ Rxf8 26. Nec4 Be6 27. Na5 Nf4 28. Nxc6 Nd3 29. Re2 Nxb2 30. Nb3 Na4 31. Be1 Bc4 32. Rf2 Rxf2 33. Kxf2 Bd5 34. Nbd4 Bxa2 35. e6 Kg8 36. Ke3 Nc5 37. Nxa7 Nxe6 38. Nxe6 Bxe6 39. Bg3 c5 40. Bd6 c4 41. Nb5 Bd5 42. g3 Kf7 43. Nd4 Bh6+ 44. Bf4 Bg7 45. Bd6 Bh6+ 46. Bf4 Bf8 47. Be5 g5 48. Kd2 Bc5 49. Ke3 Ke7 50. Kd2 Kd7 51. Ke3 Kc8 52. Bf6 1/2-1/2

[Event "SRB-chT 1st League"]
[Site "Bajina Basta"]
[Date "2020.10.14"]
[Round "7.2"]
[White "Solomunovic, Igor"]
[Black "Zivkovic, Sava"]
[Result "1-0"]
[WhiteElo "2355"]
[BlackElo "2297"]
[PlyCount "83"]
[EventDate "2020.10.10"]
[EventType "team-tourn"]
[EventRounds "11"]
[EventCountry "SRB"]
[SourceTitle "CBM 198 Extra"]
[Source "ChessBase"]
[SourceDate "2020.11.30"]
[SourceVersion "1"]
[SourceVersionDate "2020.11.30"]
[SourceQuality "1"]
[WhiteTeam "Gorni Milanovac"]
[BlackTeam "Valjevo Krusik"]
[WhiteTeamCountry "SRB"]
[BlackTeamCountry "SRB"]

1. d4 Nf6 2. Nf3 g6 3. Bf4 Bg7 4. e3 0-0 5. c3 d5 6. Nbd2 c5 7. dxc5 Nh5 8. Bg5 h6 9. Bh4 Nd7 10. Nb3 Ndf6 11. Be2 Ne4 12. Nfd2 Nhf6 13. Nxe4 Nxe4 14. f3 Nf6 15. 0-0 a5 16. a4 b6 17. Bb5 Ba6 18. c6 Ne8 19. e4 Nc7 20. Qe2 Qd6 21. Bg3 e5 22. exd5 Qxd5 23. c4 Qd6 24. Rfd1 Qf6 25. Rd7 Rfc8 26. Rad1 Bxb5 27. cxb5 Qe6 28. Qc2 Ne8 29. Bf2 Rab8 30. Nc1 Bf8 31. Qb3 Qf5 32. Ne2 Nc7 33. Ng3 Qe6 34. Qxe6 Nxe6 35. Ne4 Bb4 36. Nd6 Bxd6 37. R1xd6 Kf8 38. Be3 h5 39. Ra7 Rc7 40. Rxc7 Nxc7 41. Rd7 Ne6 42. Kf2 1-0

[Event "SRB-chT 1st League"]
[Site "Bajina Basta"]
[Date "2020.10.12"]
[Round "4.4"]
[White "Djordjevic, Miroslav"]
[Black "Solomunovic, Igor"]
[Result "0-1"]
[WhiteElo "1885"]
[BlackElo "2355"]
[PlyCount "66"]
[EventDate "2020.10.10"]
[EventType "team-tourn"]
[EventRounds "11"]
[EventCountry "SRB"]
[SourceTitle "CBM 198 Extra"]
[Source "ChessBase"]
[SourceDate "2020.11.30"]
[SourceVersion "1"]
[SourceVersionDate "2020.11.30"]
[SourceQuality "1"]
[WhiteTeam "Surdulica Radnik"]
[BlackTeam "Gorni Milanovac"]
[WhiteTeamCountry "SRB"]
[BlackTeamCountry "SRB"]

1. f4 d5 2. Nf3 g6 3. e3 Bg7 4. d3 c5 5. Be2 Nc6 6. 0-0 Nf6 7. c3 0-0 8. Qc2 Qc7 9. e4 e5 10. fxe5 Nxe5 11. Nxe5 Qxe5 12. Bf4 Qe7 13. e5 Ng4 14. d4 f6 15. exf6 Bxf6 16. Bf3 cxd4 17. Bxd5+ Kg7 18. Qe4 Qc5 19. b4 Qb6 20. c4 Bf5 21. Qe1 Rae8 22. Qd2 Re2 23. c5 Qa6 24. Qc1 d3 25. Nd2 Bd4+ 26. Kh1 Qf6 27. Rb1 Ne3 28. Nc4 Nxd5 29. Bh6+ Kg8 30. Nd6 Be3 31. Qc4 Bxh6 32. Qxd5+ Qe6 33. Nxf5 Qxd5 0-1

[Event "SRB-chT 1st League"]
[Site "Bajina Basta"]
[Date "2019.09.19"]
[Round "9.5"]
[White "Solomunovic, Igor"]
[Black "Pejcic, Milutin"]
[Result "1-0"]
[WhiteElo "2344"]
[BlackElo "2206"]
[PlyCount "41"]
[EventDate "2019.09.13"]
[EventType "team-tourn"]
[EventRounds "11"]
[EventCountry "SRB"]
[SourceTitle "CBM 195 Extra"]
[Source "ChessBase"]
[SourceDate "2020.05.31"]
[SourceVersion "1"]
[SourceVersionDate "2020.05.31"]
[SourceQuality "1"]
[WhiteTeam "Metalac"]
[BlackTeam "Pirot Progres"]
[WhiteTeamCountry "SRB"]
[BlackTeamCountry "SRB"]

1. e4 c5 2. Nf3 e6 3. b3 d6 4. Bb2 Nf6 5. e5 dxe5 6. Nxe5 Be7 7. f4 0-0 8. Bd3 b6 9. Qf3 Qd5 10. Qh3 Ba6 11. c4 Qd8 12. g4 g6 13. f5 exf5 14. gxf5 Qc8 15. Nc3 Bb7 16. Rg1 Nc6 17. Nxc6 Bxc6 18. 0-0-0 Qd7 19. Nd5 Bxd5 20. cxd5 Nxd5 21. fxg6 1-0